LEADER 01676nam0 22004093i 450 001 VAN00290428 005 20250528044217.513 017 70$2N$a9783540460770 100 $a20250401d1993 |0itac50 ba 101 $aeng 102 $aDE 105 $a|||| ||||| 181 $ai$b e 182 $ab 183 $acr 200 1 $aConvex Functions, Monotone Operators and Differentiability$fRobert R. Phelps 205 $a2. ed 210 $aBerlin$cSpringer-Verlag$d1993 215 $aix, 116 p.$cill.$d24 cm 461 1$1001VAN00102250$12001 $aLecture notes in mathematics$1210 $aBerlin [etc.]$cSpringer$v1364 606 $a46B20$xGeometry and structure of normed linear spaces [MSC 2020]$3VANC019996$2MF 610 $aBanach spaces$9KW:K 610 $aFunctional Analysis$9KW:K 610 $aIntegrals$9KW:K 620 $dBerlin$3VANL000066 700 1$aPhelps$bRobert R.$3VANV042550$060176 712 $aSpringer $3VANV108073$4650 790 1$aPhelps, Robert Ralph$zPhelps, Robert R.$3VANV060871 790 1$aPhelps, R.R.$zPhelps, Robert R.$3VANV060872 801 $aIT$bSOL$c20250606$gRICA 856 4 $uhttps://doi.org/10.1007/978-3-540-46077-0$zE-book ? Accesso al full-text attraverso riconoscimento IP di Ateneo, proxy e/o Shibboleth 899 $aBIBLIOTECA DEL DIPARTIMENTO DI MATEMATICA E FISICA$1IT-CE0120$2VAN08 912 $fN 912 $aVAN00290428 950 $aBIBLIOTECA DEL DIPARTIMENTO DI MATEMATICA E FISICA$d08DLOAD e-Book 11306 $e08eMF11306 20250528 996 $aConvex functions, monotone operators and differentiability$980225 997 $aUNICAMPANIA